The odyssey of Shona imaginative narratives : (Record no. 11549)
[ view plain ]
| 000 -LEADER | |
|---|---|
| fixed length control field | 01221cam a22002895i 4500 |
| 001 - CONTROL NUMBER | |
| control field | 19368385 |
| 003 - CONTROL NUMBER IDENTIFIER | |
| control field | OSt |
| 005 - DATE AND TIME OF LATEST TRANSACTION | |
| control field | 20191018163425.0 |
| 008 - FIXED-LENGTH DATA ELEMENTS--GENERAL INFORMATION | |
| fixed length control field | 161109s2016 rh b 001 0 eng |
| 010 ## - LIBRARY OF CONGRESS CONTROL NUMBER | |
| LC control number | 2015334643 |
| 020 ## - INTERNATIONAL STANDARD BOOK NUMBER | |
| International Standard Book Number | 9780797472273 |
| 040 ## - CATALOGING SOURCE | |
| Original cataloging agency | DLC |
| Language of cataloging | eng |
| Transcribing agency | DLC |
| Description conventions | rda |
| 042 ## - AUTHENTICATION CODE | |
| Authentication code | lcode |
| 050 00 - LIBRARY OF CONGRESS CALL NUMBER | |
| Classification number | PL8681.5 |
| Item number | .K345 2016 |
| 100 1# - MAIN ENTRY--PERSONAL NAME | |
| Personal name | Kahari, George P. |
| 245 14 - TITLE STATEMENT | |
| Title | The odyssey of Shona imaginative narratives : |
| Remainder of title | a collation and collection of published/unpublished articles and addresses to local and international conferences, 1964-2016 / |
| Statement of responsibility, etc. | George P. Kahari, B.A (Unisa), Dip.Ed (Leeds), M.A (Sheffield), Ph.D (Zimbabwe), HonDL (IBC.Cambridge, England), Emeritus Professor. |
| 264 #1 - PRODUCTION, PUBLICATION, DISTRIBUTION, MANUFACTURE, AND COPYRIGHT NOTICE | |
| Name of producer, publisher, distributor, manufacturer | Sable Press (Pvt) Ltd., |
| 300 ## - PHYSICAL DESCRIPTION | |
| Extent | iv, 466 pages ; |
| Dimensions | 21cm |
| 504 ## - BIBLIOGRAPHY, ETC. NOTE | |
| Bibliography, etc. note | Includes bibliographical references (pages 393-440) and index. |
| 650 #0 - SUBJECT ADDED ENTRY--TOPICAL TERM | |
| Topical term or geographic name entry element | Shona fiction |
| General subdivision | History and criticism. |
| 650 #0 - SUBJECT ADDED ENTRY--TOPICAL TERM | |
| Topical term or geographic name entry element | Shona literature |
| General subdivision | History and criticism. |
| 906 ## - LOCAL DATA ELEMENT F, LDF (RLIN) | |
| a | 7 |
| b | cbc |
| c | origode |
| d | 3 |
| e | ncip |
| f | 20 |
| g | y-gencatlg |
| 942 ## - ADDED ENTRY ELEMENTS (KOHA) | |
| Source of classification or shelving scheme | |
| Koha item type | OS Book |
| Classification part | PL86.81.K345 |
| Withdrawn status | Lost status | Source of classification or shelving scheme | Damaged status | Not for loan | Home library | Current library | Shelving location | Date acquired | Source of acquisition | Cost, normal purchase price | Inventory number | Full call number | Barcode | Date last seen | Copy number | Cost, replacement price | Price effective from | Koha item type | Total Checkouts |
|---|---|---|---|---|---|---|---|---|---|---|---|---|---|---|---|---|---|---|---|
| CUZ Harare Campus | CUZ Harare Campus | Open Shelf | 18.10.2019 | Purchased | 51.40 | CU13910 | PL86.81.K345 | BK008540 | 22.05.2025 | 1 | 51.40 | 18.10.2019 | OS Book | ||||||
| CUZ Harare Campus | CUZ Harare Campus | Open Shelf | 16.10.2025 | Donation Book aid international | 60.00 | CUZ16728 | PL8681.5 .K34 | BK010974 | 17.10.2025 | 60.00 | 17.10.2025 | OS Book |